[Event "GER-chT Federal Cup (Women)"]
[Site "Braunfels"]
[Date "2014.06.20"]
[Round "2.8"]
[White "Krupp, Katja"]
[Black "Peetz, Katharina"]
[Result "0-1"]
[WhiteElo "1450"]
[BlackElo "1608"]
[PlyCount "76"]
[EventDate "2014.06.19"]
[EventType "team-swiss"]
[EventRounds "5"]
[EventCountry "GER"]
[SourceTitle "EXT 2015"]
[Source "ChessBase"]
[SourceDate "2014.11.20"]
[SourceVersion "1"]
[SourceVersionDate "2014.11.20"]
[SourceQuality "1"]
[WhiteTeam "Schleswig Holstein (W)"]
[BlackTeam "Rheinland Pfalz (W)"]
[WhiteTeamCountry "GER"]
[BlackTeamCountry "GER"]

1. e4 c5 2. Nf3 d6 3. Nc3 Nc6 4. Bc4 Nf6 5. h3 h6 6. 0-0 e5 7. Nh4 Nd4 8. Nf5 Nxf5 9. exf5 Bxf5 10. Qf3 Qc8 11. Nd5 Be7 12. Nc7+ Qxc7 13. Qxf5 Qd7 14. Qf3 e4 15. Qg3 g5 16. a4 a6 17. b3 d5 18. Be2 Bd6 19. f4 Bxf4 20. Rxf4 gxf4 21. Qxf4 Qe6 22. Bb2 d4 23. Bc4 Nd5 24. Qh4 Kd7 25. Re1 f5 26. b4 b6 27. d3 e3 28. c3 dxc3 29. Bxc3 Rhg8 30. d4 cxb4 31. Bxb4 Rae8 32. Ba3 Qc6 33. Bf1 f4 34. Rc1 Qg6 35. Kh2 Qg3+ 36. Qxg3 fxg3+ 37. Kg1 e2 38. Bxe2 Rxe2 0-1

[Event "GER-chT Federal Cup (Women)"]
[Site "Braunfels"]
[Date "2013.05.31"]
[Round "3.7"]
[White "Von Keyserlingk, Chanda"]
[Black "Krupp, Katja"]
[Result "0-1"]
[WhiteElo "1734"]
[BlackElo "1632"]
[PlyCount "114"]
[EventDate "2013.05.30"]
[EventType "team-swiss"]
[EventRounds "5"]
[EventCountry "GER"]
[SourceTitle "EXT 2014"]
[Source "ChessBase"]
[SourceDate "2013.11.20"]
[SourceVersion "1"]
[SourceVersionDate "2013.11.20"]
[SourceQuality "1"]
[WhiteTeam "Sachsen (W)"]
[BlackTeam "Schleswig Holstein (W)"]
[WhiteTeamCountry "GER"]
[BlackTeamCountry "GER"]

1. d4 d5 2. c4 Nf6 3. Nc3 e6 4. cxd5 exd5 5. Bg5 Be7 6. e3 0-0 7. Bd3 b6 8. Nge2 Bb7 9. 0-0 Nbd7 10. Rc1 Re8 11. Re1 c5 12. Bb1 Ne4 13. Bxe7 Qxe7 14. Qc2 Qh4 15. Nxe4 dxe4 16. Qd1 Re6 17. g3 Qg5 18. Nf4 Rh6 19. d5 Nf6 20. Kg2 Rd8 21. Qa4 Nxd5 22. Nxd5 Bxd5 23. Rcd1 Bc6 24. Rxd8+ Qxd8 25. Qxa7 f5 26. Qa3 Qd2 27. Qb3+ Bd5 28. Qd1 Qxd1 29. Rxd1 Bc6 30. a3 Ba4 31. Ba2+ Kf8 32. Rd2 Be8 33. Bb3 b5 34. Bd1 Rc6 35. Be2 c4 36. Rd5 Rf6 37. Kf1 g5 38. Kg2 Ke7 39. Rd2 Bf7 40. Bd1 Rb6 41. g4 fxg4 42. Bxg4 b4 43. axb4 Rxb4 44. Kf1 h5 45. Bf5 Kf6 46. Bxe4 c3 47. Rd4 Rxd4 48. exd4 cxb2 49. Bb1 Ke6 50. Ke2 Kd5 51. Ke3 Kc4 52. Bd3+ Kc3 53. Bb1 Bd5 54. f3 h4 55. f4 g4 56. f5 g3 57. hxg3 h3 0-1

[Event "BL2 West 1213 (Women)"]
[Site "Germany"]
[Date "2013.03.10"]
[Round "7.4"]
[White "Mense, Petra"]
[Black "Krupp, Katja"]
[Result "1-0"]
[WhiteElo "1450"]
[BlackElo "1636"]
[PlyCount "75"]
[EventDate "2012.10.06"]
[EventType "team-tourn"]
[EventRounds "7"]
[EventCountry "GER"]
[SourceTitle "EXT 2018"]
[Source "ChessBase"]
[SourceDate "2017.10.13"]
[SourceVersion "1"]
[SourceVersionDate "2017.10.13"]
[SourceQuality "1"]
[WhiteTeam "Heiden (W)"]
[BlackTeam "Quickborn Holstein (W)"]
[WhiteTeamCountry "GER"]
[BlackTeamCountry "GER"]

1. e4 e5 2. Nf3 Nc6 3. d4 exd4 4. Nxd4 Nf6 5. Bg5 h6 6. Nxc6 bxc6 7. Bh4 Be7 8. Qf3 d5 9. exd5 cxd5 10. Bd3 Bg4 11. Qe3 0-0 12. 0-0 Re8 13. f3 Bh5 14. Bf2 Bd6 15. Qd2 Qd7 16. Kh1 Re5 17. Nc3 Nh7 18. f4 Re6 19. Bf5 c6 20. Bxe6 Qxe6 21. Rae1 Qg4 22. Bd4 Nf8 23. Be5 Bc5 24. Na4 Be7 25. Bxg7 Kxg7 26. Rxe7 Ng6 27. Qd4+ Kg8 28. Re3 Qf5 29. Rg3 Qxc2 30. Nc5 Re8 31. f5 Qe2 32. Rg1 Kh7 33. fxg6+ Bxg6 34. Nd7 Rd8 35. Nf6+ Kg7 36. Nh5+ Kf8 37. Qc5+ Kg8 38. Nf4 1-0

[Event "GER-chT Federal Cup (Women)"]
[Site "Braunfels"]
[Date "2012.06.08"]
[Round "2.7"]
[White "Krupp, Katja"]
[Black "Spiel, Marianne"]
[Result "0-1"]
[WhiteElo "1657"]
[BlackElo "1942"]
[PlyCount "90"]
[EventDate "2012.06.07"]
[EventType "team-swiss"]
[EventRounds "5"]
[EventCountry "GER"]
[SourceTitle "CBM 149 Extra"]
[Source "ChessBase"]
[SourceDate "2012.08.24"]
[SourceVersion "1"]
[SourceVersionDate "2012.08.24"]
[SourceQuality "1"]
[WhiteTeam "Schleswig Holstein (W)"]
[BlackTeam "Bayern Muenchen (W)"]
[WhiteTeamCountry "GER"]
[BlackTeamCountry "GER"]

1. e4 e6 2. Nf3 d5 3. exd5 exd5 4. d4 Nf6 5. Bg5 Be7 6. Bd3 0-0 7. 0-0 Bg4 8. Nbd2 Nbd7 9. h3 Bh5 10. Qc1 Bg6 11. Re1 Bxd3 12. cxd3 c6 13. Nf1 Re8 14. Qf4 Nf8 15. Ne5 Ne6 16. Qe3 Nh5 17. Bxe7 Rxe7 18. Qf3 g6 19. Ne3 Nxd4 20. Qg4 Rxe5 21. Qxd4 Qe7 22. Kf1 f5 23. g4 Ng7 24. Re2 fxg4 25. hxg4 Re6 26. Rae1 a6 27. Ng2 Rxe2 28. Rxe2 Qf7 29. Qb6 Re8 30. Ne3 Ne6 31. Re1 Nf4 32. Rd1 Re7 33. a4 Qf6 34. Ng2 Nh3 35. Rd2 Kf7 36. Qc5 Ng5 37. f4 Nf3 38. Rf2 Nh2+ 39. Kg1 Nxg4 40. Rd2 Nh6 41. Qf2 Nf5 42. a5 Qd4 43. Kf1 Qxf2+ 44. Rxf2 Ng3+ 45. Kg1 Re2 0-1

[Event "Schleswig Holstein-ch U18 VM"]
[Site "Neumuenster"]
[Date "2008.03.30"]
[Round "9"]
[White "Krupp, Katja"]
[Black "Schoenke, Marc"]
[Result "1-0"]
[WhiteElo "1243"]
[BlackElo "757"]
[PlyCount "33"]
[EventDate "2008.03.24"]
[EventType "swiss"]
[EventRounds "9"]
[EventCountry "GER"]
[SourceTitle "EXT 2009"]
[Source "ChessBase"]
[SourceDate "2008.11.26"]
[SourceVersion "1"]
[SourceVersionDate "2008.11.26"]
[SourceQuality "1"]

1. e4 e5 2. Nc3 d6 3. Nf3 g6 4. d4 Bg7 5. dxe5 dxe5 6. Qxd8+ Kxd8 7. Bg5+ f6 8. 0-0-0+ Nd7 9. Be3 Ke8 10. Nb5 Kd8 11. Bc4 b6 12. Rd2 Bf8 13. Rhd1 Ke7 14. Nxc7 Rb8 15. Ba6 Nc5 16. Bxc8 Rxc8 17. Bxc5+ 1-0

[Event "Schleswig Holstein-ch U18 VM"]
[Site "Neumuenster"]
[Date "2008.03.28"]
[Round "7"]
[White "Krupp, Katja"]
[Black "Bierbach, Roman Philipp"]
[Result "1/2-1/2"]
[WhiteElo "1243"]
[BlackElo "1252"]
[PlyCount "56"]
[EventDate "2008.03.24"]
[EventType "swiss"]
[EventRounds "9"]
[EventCountry "GER"]
[SourceTitle "EXT 2009"]
[Source "ChessBase"]
[SourceDate "2008.11.26"]
[SourceVersion "1"]
[SourceVersionDate "2008.11.26"]
[SourceQuality "1"]

1. e4 e5 2. Nf3 Nf6 3. d3 Nc6 4. Nc3 Bb4 5. a3 Bc5 6. Be2 0-0 7. Bg5 Be7 8. 0-0 d6 9. Qd2 Be6 10. d4 exd4 11. Nxd4 Nxd4 12. Qxd4 Nd7 13. Bxe7 Qxe7 14. f4 Nb6 15. f5 c5 16. Qf2 Bc4 17. Bxc4 Nxc4 18. b3 Nb6 19. Rae1 Qe5 20. Qf3 a6 21. g4 h6 22. h4 g6 23. f6 Rfe8 24. Rf2 Re6 25. Ref1 Kh7 26. a4 Rc8 27. h5 g5 28. Qf5+ Kg8 1/2-1/2